Bài tập Quản lý chất lượng

Nội dung gồm một số chỉ tiêu cụ thể được áp dụng phổ biến trong hoạt động sản xuất kinh doanh, các công cụ kiểm soát chất lượng, những tình huống thực tiễn khi xây dựng và áp dụng các hệ thống quản lý chất lượng cùng các kiến thư...

Full beskrivning

Sparad:
Bibliografiska uppgifter
Huvudupphovsman: Tạ, Thị Kiều An
Övriga upphovsmän: Ngô, Thị Ánh
Materialtyp: Bok
Språk:Undetermined
Publicerad: Tp. Hồ Chí Minh Thống kê 2010
Ämnen:
Länkar:http://lrc.tdmu.edu.vn/opac/search/detail.asp?aID=2&ID=20498
Taggar: Lägg till en tagg
Inga taggar, Lägg till första taggen!
Thư viện lưu trữ: Trung tâm Học liệu Trường Đại học Thủ Dầu Một
LEADER 01040nam a2200205Ia 4500
001 TDMU_20498
008 210410s9999 xx 000 0 und d
082 |a 658.4013076 
090 |b T100 
100 |a Tạ, Thị Kiều An 
245 0 |a Bài tập Quản lý chất lượng 
260 |a Tp. Hồ Chí Minh 
260 |b Thống kê 
260 |c 2010 
300 |a 136tr. 
520 |a Nội dung gồm một số chỉ tiêu cụ thể được áp dụng phổ biến trong hoạt động sản xuất kinh doanh, các công cụ kiểm soát chất lượng, những tình huống thực tiễn khi xây dựng và áp dụng các hệ thống quản lý chất lượng cùng các kiến thức liên quan  
650 |a Quản lý chất lượng  |v Bài tập 
700 |a Ngô, Thị Ánh 
856 |u http://lrc.tdmu.edu.vn/opac/search/detail.asp?aID=2&ID=20498 
980 |a Trung tâm Học liệu Trường Đại học Thủ Dầu Một